A jugar (Registro nro. 33653)
[ vista simple ]
| 000 -CABECERA | |
|---|---|
| Longitud fija campo de control | 00431nam a2200169 4500 |
| 003 - • IDENTIFICADOR DELl NÚMERO DE CONTROL | |
| Identificador del número de control | CO-ViMGA |
| 020 ## - • NÚMERO INTERNACIONAL NORMALIZADO PARA LIBROS | |
| Número Internacional Normalizado para Libros (ISBN) | 9789588773744 |
| 040 ## - FUENTE DE LA CATALOGACIÓN | |
| Centro catalogador de origen | CO-ViMGA |
| Lengua de catalogación | spa |
| Centro transcriptor | CO-ViMGA |
| 110 ## - • PUNTO DE ACCESO PRINCIPAL-NOMBRE DE ENTIDAD CORPORATIVA | |
| Nombre de entidad corporativa o nombre de jurisdicción como elemento inicial | Panamericana Editorial Ltda. |
| 245 10 - • TITULO PROPIAMENTE DICHO | |
| Título | A jugar |
| 250 ## - • MENCIÓN DE EDICIÓN | |
| Mención de edición | Para pequeñines |
| 300 ## - • DESCRIPCIÓN FÍSICA | |
| Extensión | 6 p. |
| Material Anexo | Pestaña redondeada |
| 650 14 - • PUNTO DE ACCESO ADICIONAL DE MATERIA - TÉRMINO DE MATERIA | |
| Término de materia o nombre geográfico como elemento inicial | Libro infantil |
| 942 ## - ENTRADA DE ELEMENTOS AGREGADOS (KOHA) | |
| Fuente de clasificaión o esquema | Dewey Decimal Classification |
No hay ítems disponibles.